Модель надежности витковой изоляции всыпных обмоток в период приработки; Известия Томского политехнического института [Известия ТПИ]; Т. 229 : Электрические машины

Bibliografiset tiedot
Parent link:Известия Томского политехнического института [Известия ТПИ]/ Томский политехнический институт (ТПИ).— , 1944-1976
Т. 229 : Электрические машины.— 1972.— [С. 46-52]
Päätekijä: Матялис А. П.
Muut tekijät: Стрельбицкий Э. К. Эдуард Карлович
Yhteenveto:Заглавие с титульного листа
Электронная версия печатной публикации
Kieli:venäjä
Julkaistu: 1972
Aiheet:
Linkit:Черно-белая версия для предварительного просмотра
Цветная версия без потери качества
Aineistotyyppi: MixedMaterials Elektroninen Kirjan osa
KOHA link:https://koha.lib.tpu.ru/cgi-bin/koha/opac-detail.pl?biblionumber=226693

MARC

LEADER 00000nla2a2200000 4500
001 226693
005 20231031201222.0
035 |a (RuTPU)RU\TPU\book\247081 
035 |a RU\TPU\book\247080 
090 |a 226693 
100 |a 20121126d1972 k y0rusy50 ca 
101 0 |a rus 
102 |a RU 
135 |a drnn ---uucaa 
181 0 |a i  
182 0 |a b 
200 1 |a Модель надежности витковой изоляции всыпных обмоток в период приработки  |b Электронный ресурс  |f А. П. Матялис, Э. К. Стрельбицкий 
203 |a Текст  |c электронный 
215 |a 2 файла (329 Кб, 7.7 Мб) 
230 |a Электронные текстовые данные (2 файла : 329 Кб, 7.7 Мб) 
300 |a Заглавие с титульного листа 
300 |a Электронная версия печатной публикации 
337 |a Adobe Reader 
461 1 |0 (RuTPU)RU\TPU\book\200995  |t Известия Томского политехнического института [Известия ТПИ]  |f Томский политехнический институт (ТПИ)  |d 1944-1976 
463 1 |0 (RuTPU)RU\TPU\book\247058  |t Т. 229 : Электрические машины  |v [С. 46-52]  |d 1972  |p 188 с. 
610 1 |a электронный ресурс 
610 1 |a труды учёных ТПУ 
700 1 |a Матялис  |b А. П. 
701 1 |a Стрельбицкий  |b Э. К.  |c российский ученый, электромеханик  |c профессор кафедры электрических машин и аппаратов ТПИ  |f 1932-2005  |g Эдуард Карлович  |2 stltpush  |3 (RuTPU)RU\TPU\pers\19870 
801 1 |a RU  |b 63413507  |c 20090320  |g PSBO 
801 2 |a RU  |b 63413507  |c 20130319  |g PSBO 
856 4 |u http://www.lib.tpu.ru/fulltext/v/Bulletin_TPU/1972/v229/08_bw.pdf  |z Черно-белая версия для предварительного просмотра 
856 4 |u http://www.lib.tpu.ru/fulltext/v/Bulletin_TPU/1972/v229/08_full.pdf  |z Цветная версия без потери качества 
942 |c CF